U.S. Cities With The Highest Percentage of White People - Statistics

General Stats
  • This quiz has been taken 222 times
  • The average score is 11 of 22
Answer Stats
Region Percent White Population City % Correct
West Coast 68.8% 652,503 Portland
87%
Mountain West 82.1% 237,446 Boise
83%
Mountain West 65.5% 204,657 Salt Lake City
81%
West Coast 62.2% 737,015 Seattle
78%
Mountain West 67.0% 478,961 Colorado Springs
63%
Midwest 63.5% 214,133 Des Moines
63%
Midwest 66.6% 486,051 Omaha
63%
Mountain West 80.3% 228,989 Spokane
62%
Midwest 78.4% 291,082 Lincoln
56%
Midwest 72.0% 269,840 Madison
53%
Midwest 61.9% 397,532 Wichita
51%
Southwest 60.1% 264,165 Reno
50%
Midwest 79.9% 202,078 Sioux Falls
43%
Southeast 63.8% 633,045 Louisville
40%
Southeast 70.7% 322,570 Lexington
34%
Midwest 64.7% 302,971 Pittsburgh
34%
Midwest 62.9% 263,886 Fort Wayne
26%
Southwest 78.5% 241,361 Scottsdale
26%
Southwest 60.4% 331,415 Henderson
25%
Southwest 68.6% 267,918 Gilbert
24%
Southeast 63.9% 258,308 St. Petersburg
16%
Southeast 68.0% 216,992 Cape Coral
6%
No matching quizzes found
Score Distribution
Percent of People with Each Score
Percentile by Number Answered
Your Score History
You have not taken this quiz